00647nam a2200193Ia 4500008004100000020001500041082001800056100001800074245004500092250000700137260004800144300002700192500001900219600002700238650001500265942000700280952015100287999001500438240925s9999 xx 000 0 und d a9837203919 a658.40388 DIW aDiwan , Parag 0aInformation System: a management approch aNA aKuala Lumpur:bGolden Books SDN.BHDc,2004. axx,810p.bNAfOriginal aIncludes Index aEngineering Technology aManagement cBK 001040708ETaUITUbUITUd2002-03-21eProgressive International Aggenciesg378.04l0o658.40388 DIWpQ4287r2024-09-25 07:13:27w2024-09-25yBK c6786d6786